Načítá se...

THE ROAD TO SURVIVAL

Podrobná bibliografie
Hlavní autor: SUNDERLAL BAHUGUNA
Médium: Printed Book
Jazyk:English
Vydáno: KOZHIKODE MATHRUBHOOMI BOOKS
LEADER 00443 a2200133 4500
008 111204s9999 xx 000 0 eng d
082 |a X 
100 |a SUNDERLAL BAHUGUNA 
245 |a THE ROAD TO SURVIVAL 
260 |a KOZHIKODE  |b MATHRUBHOOMI BOOKS 
300 |a X  |b X 
942 |2 ddc  |c BK 
999 |c 228920  |d 228920 
952 |0 0  |1 0  |2 ddc  |4 0  |6 E_574_500000000000000_SUN_R  |7 0  |9 252852  |a MAL  |b MAL  |c ST1  |d 2011-07-01  |l 0  |o E 574.5 SUN/R  |p MAL32717  |r 2013-12-26  |w 2011-12-05  |y BK